Extremities of Wales Quiz Stats

 Plays Quiz not verified by Sporcle

Score 0/14 Timer 07:00
0 Plays Today
Hint Answer % Correct
Lowest PointSea level
100%
Highest PointSnowdon (3560 ft) in Snowdonia
50%
Southernmost PointFlat Holm, Cardiff, off Lavernock Point, Vale of Glamorgan
21.4%
Northernmost Point (mainland)Point of Ayr, Flintshire
17.9%
Easternmost settlementChepstow, Monmouthshire
14.3%
Northernmost PointMiddle Mouse, off Anglesey
10.7%
Northernmost SettlementLlanlleiana, Anglesey
10.7%
Hint Answer % Correct
Southernmost SettlementRhoose, Vale of Glamorgan
10.7%
Northernmost Settlement (mainland)Talacre, Flintshire
10.7%
Southernmost Point (mainland)Rhoose, Vale of Glamorgan
10.7%
Easternmost pointLady Park Wood, near Monmouth, Monmouthshire
3.6%
Westernmost settlementTreginnis, Pembrokeshire
3.6%
Westernmost pointThe Smalls, Pembrokeshire
3.6%
Westernmost point (mainland)Pen Dal-aderyn, Pembrokeshire
3.6%

You're not logged in!

Compare scores with friends on all Sporcle quizzes.
OR
Log In

Show Comments

Extras

Top Quizzes Today


Score Distribution

Your Account Isn't Verified!

In order to create a playlist on Sporcle, you need to verify the email address you used during registration. Go to your Sporcle Settings to finish the process.

Report this User

Report this user for behavior that violates our Community Guidelines.

Details: